TEPLOVODNÝ KOTOL S PALIVOM ZEMNÝ PLYN

Bibliographic Details
Main Authors: Vitázek, Ivan, 1960- (Author), Havelka, Juraj (Author)
Format: Article
Language:Slovak

MARC

LEADER 00000nab a2200000ua 4500
001 vtls010831399
003 SK-MaSNL
005 20260303144550.0
008 230222s2004 xo |||||||||||||||||slo|
035 |a (urnnbn)urn:nbn:sk:snk:ar-a06izk 
035 |a urn:nbn:sk:snk-ab5wan 
035 |a (uuid)d524126a-e0ee-4bcd-ad09-241e923997a1 
040 |a SNKBUCL  |b slo  |c SNKBUCL  |e AACR2 
041 0 |a slo 
044 |a xo  |c SK 
100 1 |a Vitázek, Ivan,  |d 1960-  |4 aut  |9 217710 
245 1 0 |a TEPLOVODNÝ KOTOL S PALIVOM ZEMNÝ PLYN  |c Ivan Vitázek, Juraj Havelka 
246 3 |a NATURAL GAS-FIRED HOT WATER BOILER 
700 1 |a Havelka, Juraj  |4 aut  |9 279375 
773 0 |t Acta technologica agriculturae : vedecký časopis pre mechanizáciu poľnohospodárstva  |g Roč. 7, č. 4 (2004), s. 109-112 
954 |a odborná, vedecká literatúra pôvodná (slovenská)  |2 lita 
958 |a OND 
958 |a EUIPO 
958 |a article5 
999 |c 1997883  |d 1999813